[Event "Manaus op 2nd"]
[Site "Manaus"]
[Date "2023.10.13"]
[Round "4"]
[White "Becker, Rogerio Sperb"]
[Black "Silverio, Vitor Luis de Jesus"]
[Result "1-0"]
[WhiteElo "2102"]
[BlackElo "1802"]
[PlyCount "93"]
[EventDate "2023.10.11"]
[EventType "swiss"]
[EventRounds "9"]
[EventCountry "BRA"]
[SourceTitle "Mega2024 Update 01"]
[Source "Chessbase"]
[SourceDate "2023.11.12"]
[SourceVersion "1"]
[SourceVersionDate "2023.11.12"]
[SourceQuality "1"]

1. c4 Nf6 2. Nf3 g6 3. Nc3 Bg7 4. e4 d6 5. d4 0-0 6. Be2 e5 7. 0-0 Na6 8. Re1 exd4 9. Nxd4 Re8 10. Bf1 Nc5 11. f3 a5 12. Be3 Nfd7 13. Qd2 Ne5 14. Rad1 Ne6 15. Nc2 h5 16. Qf2 b6 17. Nd5 Ba6 18. b3 a4 19. Ncb4 Bb7 20. h3 Nc5 21. Qc2 axb3 22. axb3 Qd7 23. Bg5 Ra3 24. Rb1 Re6 25. Bc1 Ra7 26. Bb2 Bxd5 27. Nxd5 Qd8 28. f4 Ned7 29. Bxg7 Kxg7 30. b4 c6 31. bxc5 cxd5 32. cxd5 Rf6 33. e5 Rxf4 34. cxd6 Nc5 35. Qd2 Na4 36. Qc2 Qg5 37. Qd2 Rb7 38. Qe3 Nc5 39. e6 Ra7 40. Kh1 Ra6 41. Kg1 Ra2 42. Qe5+ Qxe5 43. Rxe5 fxe6 44. dxe6 Re4 45. Rxe4 Nxe4 46. d7 Rd2 47. e7 1-0

[Event "Niteroi op 3rd"]
[Site "Niteroi"]
[Date "2023.09.07"]
[Round "6"]
[White "Silverio, Vitor Luis de Jesus"]
[Black "De Oliveira, Mendel Nascimento"]
[Result "1-0"]
[WhiteElo "1752"]
[BlackElo "1386"]
[PlyCount "69"]
[EventDate "2023.09.04"]
[EventType "swiss"]
[EventRounds "9"]
[EventCountry "BRA"]
[SourceTitle "EXT 2024"]
[Source "ChessBase"]
[SourceDate "2023.10.10"]
[SourceVersion "1"]
[SourceVersionDate "2023.10.10"]
[SourceQuality "1"]

1. e4 d5 2. exd5 Qxd5 3. Nf3 Nf6 4. d4 Bg4 5. Be2 e6 6. Be3 Nc6 7. Nbd2 Be7 8. c4 Qd7 9. 0-0 0-0 10. h3 Bh5 11. a3 Rfd8 12. b4 a6 13. Re1 Rab8 14. Rc1 b5 15. cxb5 axb5 16. Qc2 Na7 17. Ne5 Qd6 18. Bxh5 Nxh5 19. Qxc7 Ra8 20. Ne4 Qxc7 21. Rxc7 Nf6 22. Nxf6+ Bxf6 23. Nxf7 Rd5 24. Ne5 Nc8 25. Rec1 Nd6 26. R1c6 h6 27. Ng6 Nf5 28. Nf4 Nxd4 29. Nxd5 Nxc6 30. Nxf6+ gxf6 31. Rxc6 Rxa3 32. Rxe6 Ra1+ 33. Kh2 Rb1 34. Bc5 Kf7 35. Rb6 1-0

[Event "Florianopolis op 9th"]
[Site "Florianopolis"]
[Date "2023.01.28"]
[Round "9"]
[White "Souza, Atahander"]
[Black "Silverio, Vitor Luis de Jesus"]
[Result "0-1"]
[WhiteElo "1882"]
[BlackElo "1682"]
[PlyCount "69"]
[EventDate "2023.01.23"]
[EventType "swiss"]
[EventRounds "10"]
[EventCountry "BRA"]
[SourceTitle "CBM 212 Extra"]
[Source "ChessBase"]
[SourceDate "2023.03.31"]
[SourceVersion "1"]
[SourceVersionDate "2023.03.31"]
[SourceQuality "1"]

1. b3 e5 2. e3 d5 3. Bb2 Nc6 4. Bb5 Bd6 5. f4 Qe7 6. Nf3 Bg4 7. h3 Bxf3 8. Qxf3 Nf6 9. Bxc6+ bxc6 10. Qg3 d4 11. 0-0 0-0 12. exd4 exf4 13. Qf3 Qd7 14. Nc3 Rfe8 15. Rae1 Rxe1 16. Rxe1 Re8 17. Re2 Rxe2 18. Nxe2 Qe6 19. c4 Ne4 20. c5 Ng5 21. Qg4 Qxg4 22. hxg4 Be7 23. Nxf4 Ne6 24. Ne2 Bg5 25. Bc3 h6 26. Kf2 Kh7 27. Kf3 Kg6 28. b4 Bf6 29. d3 Kg5 30. Bd2+ Kg6 31. Be3 Bg5 32. Bf2 Bf6 33. a4 a6 34. Nf4+ Nxf4 35. Kxf4 0-1

[Event "Niteroi op 2nd"]
[Site "Niteroi"]
[Date "2022.09.02"]
[Round "2"]
[White "Vargas, Victor da Silva"]
[Black "Silverio, Vitor Luis de Jesus"]
[Result "0-1"]
[WhiteElo "1776"]
[BlackElo "1689"]
[PlyCount "77"]
[EventDate "2022.09.01"]
[EventType "swiss"]
[EventRounds "9"]
[EventCountry "BRA"]
[SourceTitle "CBM 210 Extra"]
[Source "ChessBase"]
[SourceDate "2022.11.30"]
[SourceVersion "1"]
[SourceVersionDate "2022.11.30"]
[SourceQuality "1"]

1. c4 Nf6 2. g3 e6 3. Bg2 d5 4. cxd5 exd5 5. Nf3 Bd6 6. 0-0 0-0 7. Nc3 c6 8. d3 Re8 9. Be3 Bg4 10. h3 Bh5 11. Qc2 Nbd7 12. d4 Bg6 13. Qb3 Qb6 14. Rfc1 Ne4 15. Na4 Qa6 16. Nd2 Nxd2 17. Bxd2 Qxe2 18. Be3 Qa6 19. Nc5 Nxc5 20. dxc5 Be5 21. a4 Rab8 22. a5 Qd3 23. Qxd3 Bxd3 24. Rd1 Bb5 25. Rab1 Bc7 26. b4 b6 27. axb6 axb6 28. Rd4 f6 29. Rg4 Kf7 30. h4 Be5 31. f4 f5 32. Rg5 Bf6 33. Rxf5 Rxe3 34. g4 g6 35. Rxf6+ Kxf6 36. Kf2 Re2+ 37. Kf3 bxc5 38. g5+ Kf7 39. bxc5 0-1